| 000 | 00727nam a2200253 4500 | ||
|---|---|---|---|
| 001 | 2024 | ||
| 010 | _a9789720729804 | ||
| 021 |
_aPT _b534060/243 |
||
| 090 | _a2024 | ||
| 100 | _a20251217d2025 d||y0pory50030103ba | ||
| 101 | _apor | ||
| 102 | _aPT | ||
| 200 |
_aSegredo de família _evoando sobre o ninho da família Pardal _fÁlvaro Magalhães _gil. David Pintor |
||
| 205 | _a1ª edição | ||
| 210 |
_aPorto _cPorto Editora _d2025 |
||
| 215 |
_a223, [1] p. _cil. _d21 cm |
||
| 225 | _aPassagem secreta | ||
| 300 | _aBMB-Registado | ||
| 606 |
_9815 _aLiteratura Juvenil |
||
| 675 |
_a087.5 _vBMB _zpor |
||
| 700 |
_aMagalhães _bÁlvaro _f1951- _9878 |
||
| 702 |
_aPintor _bDavid _f1975- _4440 _92897 |
||
| 801 |
_aPT _bBMB _gRPC |
||
| 990 | _cLIVROS | ||